Score 0/20 Timer 03:00
1 Play Today
Hint Missing Surname % Correct
Whoopi _____Goldberg
96.6%
Angelina _____Jolie
95.9%
Sigourney _____Weaver
91.8%
Winona _____Ryder
89.9%
Goldie _____Hawn
89.9%
Cate _____Blanchett
82.9%
Natalie _____Portman
74%
Anne _____Hathaway
72%
Kate _____Hudson
58.9%
Olympia _____Dukakis
57%
Hint Missing Surname % Correct
Vanessa _____Redgrave
56.7%
Mira _____Sorvino
54.6%
Janet _____Leigh
50.1%
Kim _____Basinger
48.2%
Angela _____Lansbury
45.4%
Shelley _____Winters
45.3%
Octavia _____Spencer
44.2%
Rachel _____Weisz
24.9%
Jennifer _____Connelly
21.9%
Melissa _____Leo
18.8%

Today's Daily Dose

Remove Ads.
Support Sporcle.
Get the best of Sporcle when you Go Orange. This ad-free experience offers more features, more stats, and more fun while also helping to support Sporcle. Thank you for becoming a member.

You're not logged in!

Compare scores with friends on all Sporcle quizzes.
OR
Log In

Show Comments

Extras

Top Quizzes Today


Score Distribution

Your Account Isn't Verified!

In order to create a playlist on Sporcle, you need to verify the email address you used during registration. Go to your Sporcle Settings to finish the process.

Report this User

Report this user for behavior that violates our Community Guidelines.

Details: